Gender, Costume, Textile, Technique : Women, Clothing, Cultural Representation and Modern Japan /
This book, a unique contribution to the field of kimono and Japan-related clothing studies, challenges uncritical readings of clothing from the lives of Japanese women and cultural representations of women wearing these clothes. Chapters ground understandings of clothing, including kimono, in the li...
مؤلفون آخرون:
التنسيق: كتاب الكتروني
اللغة: English
منشور في:
Leiden ; Boston :
Brill,
2025.
سلاسل:
Asian Studies E-Books Online, Collection 2025.
Brill's Japanese Studies Library ;
79.
الموضوعات:
الوصول للمادة أونلاين: Login to view Source
الوسوم: إضافة وسم
رقم الطلب: GT1560
| LEADER | 03010nam a22005298i 4500 | ||
|---|---|---|---|
| 001 | BRILL9789004715462 | ||
| 003 | nllekb | ||
| 005 | 20250416201610.0 | ||
| 006 | m d | ||
| 007 | cr un uuuua | ||
| 008 | 241004s2025 gw sb 001 0 eng d | ||
| 010 | |a 2024039105 | ||
| 020 | |a 9789004715462 |q (electronic book) | ||
| 020 | |z 9789004710108 |q (print) | ||
| 024 | 7 | |a 10.1163/9789004715462 |2 DOI | |
| 035 | |z (OCoLC)1455840618 | ||
| 040 | |a NL-LeKB |c NL-LeKB |e rda | ||
| 041 | |a eng | ||
| 050 | 4 | |a GT1560 | |
| 072 | 7 | |a AKTH |2 bicssc | |
| 072 | 7 | |a DES |x 005000 |2 bisacsh | |
| 082 | 0 | 4 | |a 391./20952 |2 23 |
| 245 | 0 | 0 | |a Gender, Costume, Textile, Technique : |b Women, Clothing, Cultural Representation and Modern Japan / |c edited by Barbara Hartley. |
| 246 | 3 | |a Women, Clothing, Cultural Representation and Modern Japan | |
| 264 | 1 | |a Leiden ; |a Boston : |b Brill, |c 2025. | |
| 264 | 4 | |c ©2025 | |
| 300 | |a 1 online resource (300 pages) : |b illustrations. | ||
| 336 | |a text |b txt |2 rdacontent | ||
| 337 | |a computer |b c |2 rdamedia | ||
| 338 | |a online resource |2 rdacarrier | ||
| 490 | 1 | |a Asian Studies E-Books Online, Collection 2025 | |
| 490 | 1 | |a Brill's Japanese Studies Library ; |v 79 | |
| 504 | |a Includes bibliographical references and index. | ||
| 520 | |a This book, a unique contribution to the field of kimono and Japan-related clothing studies, challenges uncritical readings of clothing from the lives of Japanese women and cultural representations of women wearing these clothes. Chapters ground understandings of clothing, including kimono, in the lived experience of different groups of women in modern Japan. Also discussing cosplay outside Japan, the collection argues that items worn by women are produced and consumed in a gendered and highly politicised socio-historical environment. Examining, for example, women's recent renewed enthusiasm for kimono, in addition to representations of monpe , kimono and other attire in film and narrative, the book includes three new translations of clothing commentary by women writers from Japan. Contributors are: Tomoko Aoyama, Yasuko Claremont, Sheila Cliffe, Barbara Hartley, Helen Kilpatrick, Emerald King, Machiko Iwahashi, Komashaku Kimi, Rio Otomo, Sata Ineko, Jennifer Scott, and Shirasu Masako. | ||
| 546 | |a English | ||
| 588 | |a Description based on print version record. | ||
| 650 | 0 | |a Clothing and dress |z Japan. | |
| 650 | 0 | |a Representation (Philosophy) | |
| 650 | 0 | |a Women |z Japan |x Social conditions. | |
| 650 | 0 | |a Women's clothing |x Social aspects |z Japan. | |
| 700 | 1 | |a Hartley, Barbara, |e editor. | |
| 776 | 0 | 8 | |i Print version: |t Gender, Costume, Textile, Technique : Women, Clothing, Cultural Representation and Modern Japan. |d Leiden ; Boston : Brill, 2025. |z 9789004710108 |w (DLC) 2024039104 |
| 830 | 0 | |a Asian Studies E-Books Online, Collection 2025. | |
| 830 | 0 | |a Brill's Japanese Studies Library ; |v 79. | |
| 856 | 4 | |z DOI: |u http://dx.doi.org/10.1163/9789004715462 | |
| 942 | |2 lcc |c EBOOK | ||
| 999 | |c 60756 |d 60756 | ||
